000 00803nam a2200265Ia 4500
003 OSt
005 20221005031234.0
006 a|||||r|||| 00| 0
007 ta
008 221004b |||||||| |||| 00| 0 eng d
020 _a080283874X
024 _a29251
037 _cTextual
040 _aCRL
_cCRL
_beng
041 _2eng
_aeng
082 _aQ6.21, P0
100 _aHarper Susan Billington
_9252155
245 0 _aIn the shadow of the mahatma
_b Bishop V. S. Azariah and the travails of chritanity in british India.
260 _aCambridge
_bWm. B. Eerdmans & Curzon UK
_c2000
300 _a462p.
_ccm.
490 _aStudies in the history of christian mission.
650 _aRELIGION
942 _hQ6.21, P0
_cTEXL
_2cc
999 _c937418
_d937418